000 00937cam a22001934a 4500
005 20250605164358.0
008 250528s ||||||||||||||||||||||||d
035 _a24434
040 _aGR-AtMCL
_bgre
_dGR-AtMCL
_eAACR2
245 1 _aAdstream / Νέα Εποχή στο Advertising Process
260 _c2009
300 _a66
520 _aAdvertising: Θα Συνεχίσουμε να Διεκδικούμε ότι μας Αναλογεί, Marketing Intermedia Comparisons: Μύθος IMC ή Αποτελέσματα MCA, Επιχειρηματικά Δώρα: Δώρα με Επιχειρήματα, Mastering Marketing: Πρωτοποριακή Σκέψη σε Συμβατικό Πλαίσιο, Interactive Marketing: Social Media και Αλήθειες ή Ψέμματα.
700 1 _aΚορδελάς Δημήτρης
_99464
942 _cCR
710 2 _aThe Marketing Week
_99825
999 _c9316
_d9316